Statistics for Every Song by Mineral

Click here to take the quiz!

General Stats

  • This quiz has been taken 3 times
    (2 since last reset)
  • The average score is 15 of 25

Answer Stats

AlbumSong% Correct
EndSerenading(1998)&serenading
100%
February / M.D.(1996)February
100%
The Power of Failing(1997)Five, Eight and Ten
100%
The Power of Failing(1997)Gloria
100%
February / M.D.(1996)M.D.
100%
EndSerenading(1998)Palisade
100%
The Power of Failing(1997)Parking Lot
100%
The Power of Failing(1997)80-37
50%
EndSerenading(1998)Aletter
50%
One Day When We Are Young: Mineral at 25(2019)Aurora
50%
Mineral / Jimmy Eat World / Sense Field(1997)Crazy
50%
The Power of Failing(1997)Dolorosa
50%
EndSerenading(1998)ForIvadell
50%
EndSerenading(1998)Gjs
50%
The Power of Failing(1997)If I Could
50%
EndSerenading(1998)Lovelettertypewriter
50%
The Power of Failing(1997)Silver
50%
The Power of Failing(1997)Slower
50%
The Power of Failing(1997)Take the Picture Now
50%
EndSerenading(1998)Thelastwordisrejoice
50%
EndSerenading(1998)Unfinished
50%
EndSerenading(1998)Wakingtowinter
50%
One Day When We Are Young: Mineral at 25(2019)Your Body Is the World
50%
The Power of Failing(1997)July
0%
EndSerenading(1998)Soundslikesunday
0%

Score Distribution

Percentile by Number Answered

Percent of People with Each Score

Your Score History

You have not taken this quiz since the last reset